000 01325nmc a2200457 a 4500
003 AR-BaBNM
005 20251128210249.0
008 011101s1999 ||||||||||||||000 | spa||
020 _a84-7827-210-0
040 _cAR-BaBNM
245 1 0 _aLa educación en el siglo XXI
_blos retos del futuro inmediato
250 _a2ª ed.
260 _aBarcelona
_bGraó
_c1999
300 0 _a180 p.
490 0 _aBiblioteca de aula. Pedagogía: teoría y práctica
_vv. 136
500 0 _aContiene referencias bibliográficas al final de cada capítulo
650 4 _aPOLITICA EDUCATIVA
650 4 _aTEORIAS DE LA EDUCACION
650 4 _aREFORMA DE LA EDUCACION
650 4 _aRACISMO
650 4 _aEDUCACION MORAL
650 4 _aSIGLO VEINTIUNO
651 4 _aEstados Unidos
651 4 _aEspaña
651 4 _aAmérica Latina
653 0 _aPEDAGOGIA CRITICA
653 0 _aGLOBALIZACION
653 0 _aEDUCACION Y PODER
653 0 _aPOSMODERNIDAD
653 0 _aDISCRIMINACION EDUCATIVA
700 1 _aImbernón, Francisco
_ecoordinador
700 1 _aBartolome, Lilia
700 1 _aFlecha, Ramón
700 1 _aGimeno Sacristán, José
700 1 _aGiroux, Henry A.
700 1 _aMacedo, Donaldo
700 1 _aPopkewitz, Thomás S.
700 1 _aSubirats, Marina
942 _cBK
998 _cCarmen
999 _c14696
_d14696